Politics of Identity and Assertion of Tea Communities in Assam / (Record no. 213918)
[ view plain ]
| 000 -LEADER | |
|---|---|
| fixed length control field | 00750nam a22002177a 4500 |
| 005 - DATE AND TIME OF LATEST TRANSACTION | |
| control field | 20251212124357.0 |
| 010 ## - LCCN (DPL NO) | |
| LC control number | ENG-147336 |
| 020 ## - INTERNATIONAL STANDARD BOOK NUMBER | |
| International Standard Book Number | 9789385839368 |
| Terms of availability | 695.00 |
| 035 ## - SYSTEM CONTROL NUMBER | |
| System control number | EN-130868 |
| 037 ## - SOURCE OF ACQUISITION | |
| Source of stock number/acquisition | DBAD/PUB |
| 082 ## - DEWEY DECIMAL CLASSIFICATION NUMBER | |
| Classification number | 320.60954162 |
| Edition number | 1 |
| 245 ## - TITLE STATEMENT | |
| Title | Politics of Identity and Assertion of Tea Communities in Assam / |
| Statement of responsibility, etc | Edited By Rudraman Thapa [and] Pushpa Chanpia |
| 250 ## - EDITION STATEMENT | |
| Edition statement | 1 |
| 260 ## - PUBLICATION, DISTRIBUTION, ETC. (IMPRINT) | |
| Place of publication, distribution, etc | Guwahati |
| Name of publisher, distributor, etc | DVS Publishers |
| Date of publication, distribution, etc | 2020 |
| 270 ## - ADDRESS | |
| Address | H.B. Road Panbazar |
| City | Guwahati |
| Postal code | 781001 |
| Telephone number | 2638295 |
| Fax number | 0361-2511789 |
| Electronic mail address | dvspub@gmail.com |
| 300 ## - PHYSICAL DESCRIPTION | |
| Extent | xiv, 202p. |
| Dimensions | 22cm(Hb) |
| 500 ## - GENERAL NOTE | |
| General note | Includes index |
| 700 ## - ADDED ENTRY--PERSONAL NAME | |
| Personal name | Thapa, Rudraman |
| Relator term | Editor |
| 9 (RLIN) | 86079 |
| 700 ## - ADDED ENTRY--PERSONAL NAME | |
| Personal name | Chanpia, Pushpa |
| Relator term | Editor |
| 9 (RLIN) | 86080 |
| 942 ## - ADDED ENTRY ELEMENTS (KOHA) | |
| Source of classification or shelving scheme | Dewey Decimal Classification |
| Item type | English Books |
| Call number suffix | POL |
| Classification part | 320.60954162 |
| Withdrawn status | Lost status | Not for loan | Collection code | Home library | Current library | Date acquired | Source of acquisition | Cost, normal purchase price | Full call number | Barcode | Copy number | Cost, replacement price | Koha item type |
|---|---|---|---|---|---|---|---|---|---|---|---|---|---|
| Non-fiction | Janak Puri | Janak Puri | 12/12/2025 | Delivery of Books Act Division | 695.00 | POL 320.60954162 | EN-130868 | 1 | 695.00 | English Books |
